00347nam a2200133Ia 450000500170000000800410001702000140005808200130007210000120008524500270009726000360012430000120016050000410017220250124002312.0240331s9999 xx 000 0 und d a072141990 bDALa920 aDaly, A 0aDiana princes of Wales aUKbLadybird Postal Salesc1997 a24 p ., aA Tribute to Diana Princess of Wales